| 000 | 00598nam a2200181Ia 4500 | ||
|---|---|---|---|
| 008 | 160114s9999 xx 000 0 und d | ||
| 020 | _a1741504910 | ||
| 050 | _a793.73 | ||
| 050 | _b.F295w 2006 | ||
| 100 | _aFeely, Jenny. | ||
| 245 |
_aWord games : _bboost letter and word recognition! / _cJenny Feely. |
||
| 260 |
_aManila, Philippines : _bWS Pacific Publications Inc. _c2006 |
||
| 300 |
_a32 pages; _bcolor illustrations ; _c28 cm. |
||
| 440 | _aHelping kids at home. | ||
| 500 | _a Level 1: Getting started--head of the title. | ||
| 650 | _aWord Games-- | ||
| 650 | _xJuvenile literature. | ||
| 999 |
_c290326 _d290326 |
||